THE MONSTER GANG (Record no. 5849)
[ view plain ]
| 000 -LEADER | |
|---|---|
| fixed length control field | 00624nam a22001457a 4500 |
| 020 ## - INTERNATIONAL STANDARD BOOK NUMBER | |
| ISBN | 780746048528 |
| 082 ## - DEWEY DECIMAL CLASSIFICATION NUMBER | |
| Classification number | 823 |
| Item number | EVE/M |
| 100 ## - MAIN ENTRY--AUTHOR NAME | |
| Personal name | EVERETT, FELICITY |
| 245 ## - TITLE STATEMENT | |
| Title | THE MONSTER GANG |
| 260 ## - PUBLICATION, DISTRIBUTION, ETC. (IMPRINT) | |
| Place of publication | LONDON |
| Name of publisher | USBORNE PUBLISHING LTD |
| Year of publication | 2002 |
| 300 ## - PHYSICAL DESCRIPTION | |
| Number of Pages | 48 |
| 520 ## - SUMMARY, ETC. | |
| Summary, etc | “The Autobiography of an L.A. Gang Member” by Sanyika Shakur also known as “Monster” Kody Scott is a raw frightening portrait of gang life in South Central, Los Angeles. In the sixth grade he joined the Eight Tray Crips. During his early days of being in the gang, he left a man in a coma and disfigured. |
| 650 ## - SUBJECT ADDED ENTRY--TOPICAL TERM | |
| Topical Term | SHORT STORY |
| 942 ## - ADDED ENTRY ELEMENTS (KOHA) | |
| Koha item type | Books |
| Withdrawn status | Lost status | Collection code | Home library | Current library | Shelving location | Date acquired | Source of acquisition | Full call number | Accession Number | Koha item type |
|---|---|---|---|---|---|---|---|---|---|---|
| Fiction | Main Library | Main Library | SHELF 15-I-CHILDREN'S STORYBOOKS | 31/01/2019 | Purchase | 823 EVE/M | 10916 | Books |